[Event "7e Festival de Vaujany 2016 - principal"]
[Site "?"]
[Date "2016.07.21"]
[Round "6.27"]
[White "Geher, Koppany"]
[Black "Bergero, Simone"]
[Result "1-0"]
[WhiteElo "1931"]
[BlackElo "1916"]
[PlyCount "65"]

1. e4 e5 2. Nf3 d6 3. d4 Nd7 4. Bc4 Be7 5. dxe5 dxe5 6. Qd5 Bb4+ 7. c3 Qe7 8.
cxb4 Nb6 9. Qd3 Qxb4+ 10. Nbd2 Bg4 11. Qc3 Qxc3 12. bxc3 Bxf3 13. gxf3 Rd8 14.
Bb3 Nf6 15. Ke2 O-O 16. Nc4 Nbd7 17. Be3 b5 18. Nb2 c5 19. Rhd1 c4 20. Bc2 a5
21. a4 b4 22. cxb4 c3 23. Nd3 axb4 24. Nxb4 Rb8 25. Rab1 Rfc8 26. Nd5 Nxd5 27.
Rxb8 Nxb8 28. Rxd5 Na6 29. Rxe5 Nb4 30. Kd1 Rd8+ 31. Kc1 g5 32. Rxg5+ Kh8 33.
Rb5 1-0

[Event "7e Festival de Vaujany 2016 - principal"]
[Site "Vaujany "]
[Date "2016.07.22"]
[Round "7.1"]
[White "Van Foreest, Jorden"]
[Black "Joie, Sebastien"]
[Result "1-0"]
[WhiteElo "2584"]
[BlackElo "2387"]
[PlyCount "91"]
[EventDate "2016.??.??"]
[BlackTeam "Cercle d'Echecs de l'Agglomération Annécienne"]

1. e4 d6 2. d4 Nf6 3. Nc3 e5 4. Nf3 Nbd7 5. Bc4 exd4 6. Qxd4 Be7 7. Bf4 O-O 8.
O-O-O Nb6 9. Bb3 Be6 10. Qd2 Bxb3 11. axb3 a5 12. e5 dxe5 13. Bxe5 Qxd2+ 14.
Rxd2 Ne8 15. Bd4 c5 16. Be5 Rc8 17. Re1 Bf6 18. Bd6 Nxd6 19. Rxd6 Bd8 20. Na4
Na8 21. c4 Bf6 22. Kc2 Rc7 23. Rd5 b6 24. Re2 h6 25. Nd2 Rb8 26. Ne4 Bd4 27.
Nd6 Kf8 28. Nb5 Re7 29. Rxe7 Kxe7 30. Nxd4 cxd4 31. Rxd4 Nc7 32. Nc3 Ne6 33.
Rd2 Nc5 34. Nd5+ Ke6 35. Re2+ Kd6 36. Re7 Rf8 37. Ra7 Nd7 38. Nc3 f5 39. Nb5+
Ke6 40. Kc3 g5 41. Rc7 Ne5 42. Nd4+ Kd6 43. Rh7 Rf6 44. Rxh6 Rxh6 45. Nxf5+ Kc5
46. Nxh6 1-0

[Event "7e Festival de Vaujany 2016 - principal"]
[Site "?"]
[Date "2016.07.22"]
[Round "7.2"]
[White "Brunner, Nicolas"]
[Black "Chatabashev, Boris"]
[Result "1/2-1/2"]
[WhiteElo "2443"]
[BlackElo "2545"]
[PlyCount "106"]

1. d4 d5 2. c4 Nc6 3. Nc3 Nf6 4. Nf3 dxc4 5. Bg5 h6 6. Bxf6 exf6 7. e3 Bd6 8.
Bxc4 O-O 9. O-O Ne7 10. Rc1 c6 11. Nd2 Qc7 12. g3 Bf5 13. Qb3 a5 14. Nde4 a4
15. Qc2 Nd5 16. Qe2 a3 17. bxa3 Nxc3 18. Nxc3 Rxa3 19. Bb3 Ra5 20. d5 Qe7 21.
Qf3 Bh3 22. Rfe1 Rc5 23. Ne2 f5 24. Nd4 Rxc1 25. Rxc1 Bg4 26. Qg2 c5 27. Nb5
Be5 28. a4 Rd8 29. Bc4 b6 30. h3 Bh5 31. Kh2 g5 32. f4 Bb8 33. Rc3 Bd1 34. Ra3
g4 35. h4 Bf3 36. Qd2 Qe4 37. Rc3 Kg7 38. Rc1 Kg6 39. Rc2 h5 40. Rc1 f6 41. Kg1
Re8 42. Rc3 Qb1+ 43. Rc1 Qb4 44. Qxb4 cxb4 45. Kf2 Rc8 46. d6 Rd8 47. Rb1 Bxd6
48. Nxd6 Rxd6 49. Rxb4 Rd2+ 50. Ke1 Rc2 51. Bf1 Rc6 52. Rc4 Re6 53. Kd2 Kf7
1/2-1/2

[Event "7e Festival de Vaujany 2016 - principal"]
[Site "?"]
[Date "2016.07.22"]
[Round "7.3"]
[White "Valles, Manuel"]
[Black "Horvath, Jozsef"]
[Result "0-1"]
[WhiteElo "2397"]
[BlackElo "2507"]
[PlyCount "140"]

1. d4 Nf6 2. c4 e6 3. Nf3 b6 4. Nc3 Bb7 5. Bf4 Bb4 6. Qb3 c5 7. dxc5 bxc5 8.
O-O-O Nc6 9. Nb5 O-O 10. Nd6 Ba6 11. a3 Ba5 12. e4 Bc7 13. e5 Bxd6 14. Rxd6 Ne4
15. Rxc6 dxc6 16. Qe3 f5 17. exf6 Qxf6 18. Be5 Qh6 19. Qxh6 gxh6 20. Bg3 Rad8
21. Kc2 Nxg3 22. hxg3 e5 23. Bd3 e4 24. Bxe4 Bxc4 25. Bxc6 Rd6 26. Kc3 Ba6 27.
Be4 Re8 28. Rh4 Kh8 29. Nd2 Rf8 30. f3 Rg8 31. g4 Rb8 32. Rh5 c4 33. Rc5 Rbd8
34. Nxc4 Rd1 35. Ne5 Rc8 36. b4 Kg7 37. Nc6 Rc7 38. b5 Bb7 39. Kb4 Rd2 40. Rc3
Rxg2 41. a4 Bc8 42. Rd3 Rh2 43. Rd8 Bb7 44. Kc5 h5 45. gxh5 Rxh5+ 46. Kd6 Rf7
47. Rd7 Rh6+ 48. Kc7 Rxd7+ 49. Kxd7 Rf6 50. Kc7 Rf7+ 51. Kb8 h5 52. a5 h4 53.
a6 Bxa6 54. bxa6 h3 55. Nd4 Kh6 56. Ne2 h2 57. f4 Re7 58. Bd5 Rxe2 59. Kxa7 Rd2
60. Be4 Rd4 61. Bg2 Rb4 62. Ka8 Kg6 63. a7 Kf5 64. Bd5 Kxf4 65. Bb7 Ke5 66. Kb8
Rxb7+ 67. Kxb7 h1=Q+ 68. Kb8 Qh8+ 69. Kb7 Qg7+ 70. Kb8 Kd6 0-1

[Event "7e Festival de Vaujany 2016 - principal"]
[Site "?"]
[Date "2016.07.22"]
[Round "7.4"]
[White "Drozdowski, Kacper"]
[Black "Di Nicolantonio, Lucas"]
[Result "1-0"]
[WhiteElo "2490"]
[BlackElo "2393"]
[PlyCount "119"]

1. e4 g6 2. d4 Bg7 3. Nc3 d6 4. f4 a6 5. Nf3 b5 6. e5 Nd7 7. Bd3 c5 8. Be3 Bb7
9. Be4 Bxe4 10. Nxe4 Nh6 11. dxc5 Ng4 12. Bg1 dxe5 13. Nfg5 Ngf6 14. c6 Nf8 15.
Nxf6+ Bxf6 16. Qf3 Rc8 17. Nxf7 Qa5+ 18. Kf1 Kxf7 19. fxe5 Ne6 20. exf6 exf6
21. c3 Rhd8 22. Be3 b4 23. Kf2 bxc3 24. bxc3 Qxc3 25. Rhc1 Qe5 26. Rab1 Kg8 27.
Rb7 Rd3 28. Qh3 h5 29. Qg3 Qe4 30. Rc4 Qf5+ 31. Qf3 Qxf3+ 32. gxf3 Ra3 33. c7
Rxa2+ 34. Kg3 Kf7 35. Rb8 h4+ 36. Kh3 Rxc7 37. Rxc7+ Nxc7 38. Rb7 g5 39. Rxc7+
Kg6 40. Bc5 Rc2 41. Bb6 Rb2 42. Rc6 Rb3 43. Kg2 Rb2+ 44. Bf2 a5 45. Ra6 Ra2 46.
Kf1 Ra1+ 47. Be1 a4 48. Ke2 Ra2+ 49. Bd2 Ra3 50. h3 Kf7 51. Bb4 Ra2+ 52. Ke3
Rh2 53. Bc3 Rxh3 54. Rxf6+ Ke7 55. Rg6 Rh1 56. Rxg5 h3 57. Kf2 h2 58. Rh5 a3
59. Kg2 Rb1 60. Rxh2 1-0

[Event "7e Festival de Vaujany 2016 - principal"]
[Site "Vaujany "]
[Date "2016.07.22"]
[Round "7.5"]
[White "Bauer, Christian"]
[Black "Bluhm, Sonja Maria"]
[Result "1-0"]
[WhiteElo "2621"]
[BlackElo "2229"]
[PlyCount "67"]
[EventDate "2016.??.??"]
[WhiteTeam "C.E. de  Bois-Colombes"]

1. d4 d5 2. c4 c6 3. Nc3 dxc4 4. e3 Be6 5. Nf3 b5 6. a4 b4 7. Ne4 Nf6 8. Ned2
g6 9. Nxc4 Bg7 10. Bd2 a5 11. Rc1 O-O 12. Nce5 Bd5 13. Be2 Nfd7 14. Nd3 e5 15.
dxe5 Bxf3 16. Bxf3 Nxe5 17. Nxe5 Bxe5 18. Qc2 Ra7 19. b3 Rd7 20. Ke2 Qh4 21.
Rhd1 Rfd8 22. h3 Qf6 23. Kf1 h5 24. Be1 Qe6 25. Rxd7 Rxd7 26. Qe4 f5 27. Qc2
Kg7 28. Qc5 Bf6 29. Qxa5 Qxb3 30. Qxb4 Qxb4 31. Bxb4 Ra7 32. Bd6 Nd7 33. Bxc6
Nb6 34. Bc5 1-0

[Event "7e Festival de Vaujany 2016 - principal"]
[Site "?"]
[Date "2016.07.22"]
[Round "7.6"]
[White "Midoux, Sebastien"]
[Black "Skomorokhin, Roman"]
[Result "0-1"]
[WhiteElo "2343"]
[BlackElo "2396"]
[PlyCount "90"]

1. e4 c5 2. Nf3 e6 3. c3 Nf6 4. Bd3 Nc6 5. Bc2 d5 6. e5 Nd7 7. d4 Be7 8. O-O a5
9. Re1 h6 10. Nbd2 cxd4 11. cxd4 Nb6 12. Nf1 a4 13. g3 Bd7 14. h4 Nb4 15. Bb1
Nc4 16. a3 Nc6 17. Bc2 b5 18. h5 Qb6 19. Ne3 N6a5 20. Nxc4 Nxc4 21. Re2 Kd8 22.
Bd3 Rf8 23. Bf4 Be8 24. Rc2 Rg8 25. g4 f5 26. gxf5 Bxh5 27. Be2 exf5 28. e6 g5
29. Be5 f4 30. Ne1 Bg6 31. Nd3 Qxe6 32. Kh2 Qf5 33. Rc3 h5 34. b3 axb3 35. Rxb3
Be8 36. a4 bxa4 37. Qb1 Bc6 38. Rb6 Qc8 39. Rxc6 Qxc6 40. Nb4 Bxb4 41. Qxb4 Qb6
42. Qe1 Nxe5 43. dxe5 g4 44. Rd1 Qxf2+ 45. Qxf2 g3+ 0-1

[Event "7e Festival de Vaujany 2016 - principal"]
[Site "?"]
[Date "2016.07.22"]
[Round "7.7"]
[White "Viennot, Dylan"]
[Black "Meunier, Clement"]
[Result "1-0"]
[WhiteElo "2331"]
[BlackElo "2338"]
[PlyCount "83"]

1. d4 Nf6 2. Bf4 d6 3. Nf3 Nbd7 4. h3 g6 5. e3 Bg7 6. Be2 b6 7. a4 Bb7 8. Nbd2
O-O 9. a5 c5 10. c3 e5 11. Bg3 e4 12. Nh2 d5 13. Ng4 Nh5 14. Bh2 Qe7 15. Bb5 f5
16. a6 Bc8 17. Bc6 Rb8 18. Bxd5+ Kh8 19. Bxb8 Nxb8 20. Ne5 Bxe5 21. dxe5 Qxe5
22. Nc4 Qf6 23. Bb7 Bxb7 24. axb7 Rd8 25. Qa4 a6 26. Qc2 b5 27. Na5 c4 28. O-O
Rd3 29. Qe2 Qd8 30. Rfd1 Nf6 31. Rxd3 exd3 32. Qf3 Ne4 33. Qf4 Qd6 34. Qxd6
Nxd6 35. Kf1 Kg7 36. Nc6 Nxc6 37. Rxa6 Nxb7 38. Rxc6 Na5 39. Rc5 Nb3 40. Rxb5
Kf6 41. Ke1 Ke6 42. Rxb3 1-0

[Event "7e Festival de Vaujany 2016 - principal"]
[Site "Vaujany "]
[Date "2016.07.22"]
[Round "7.8"]
[White "Rooze, Jan"]
[Black "Le Corre, Benjamin"]
[Result "0-1"]
[WhiteElo "2322"]
[BlackElo "2323"]
[PlyCount "118"]
[EventDate "2016.??.??"]
[WhiteTeam "C.E.M.C. Monaco"]
[BlackTeam "Vandoeuvre-Echecs"]

1. e4 c5 2. Nf3 Nc6 3. Bb5 Qc7 4. O-O Nf6 5. Re1 e5 6. Bxc6 dxc6 7. d3 h6 8.
Nbd2 Be6 9. b3 g5 10. Bb2 Nd7 11. Nc4 Bg7 12. a4 Bf6 13. Nfd2 h5 14. Nf1 O-O-O
15. Ng3 g4 16. Nf5 Kb8 17. Qe2 Rhg8 18. Rf1 h4 19. Nce3 Rg5 20. Nxg4 h3 21. g3
Rdg8 22. Nge3 R5g6 23. Kh1 Bg5 24. Nc4 Ka8 25. a5 a6 26. Ra4 Bd8 27. Qe3 Bg5
28. Qe1 Rf6 29. Nb6+ Nxb6 30. axb6 Qxb6 31. Bxe5 Rxf5 32. exf5 Bd5+ 33. Re4 Re8
34. f4 Bd8 35. f6 Re6 36. Qc3 Qa7 37. g4 b5 38. g5 a5 39. Qe1 Qd7 40. c4 Bxe4+
41. Qxe4 b4 42. Qf3 Re8 43. Rd1 Kb7 44. Rg1 a4 45. bxa4 Bc7 46. g6 fxg6 47.
Rxg6 Rc8 48. Rg7 Qf5 49. a5 b3 50. Qd1 Ka8 51. Bxc7 b2 52. Be5 Qh5 53. Qxh5
b1=Q+ 54. Rg1 Qxd3 55. Re1 Rd8 56. f7 (56. Qg4) 56... Qd2 57. Rg1 Qe3 58. Rd1 (
58. Qxh3 Qxh3 59. Rg8 Qf1+ 60. Rg1 Qf3+ 61. Rg2 Rd1#) 58... Qe4+ 59. Kg1 Qg2#
0-1

[Event "7e Festival de Vaujany 2016 - principal"]
[Site "?"]
[Date "2016.07.22"]
[Round "7.9"]
[White "Mihok, Oliver"]
[Black "Houard, Sebastien"]
[Result "1/2-1/2"]
[WhiteElo "2509"]
[BlackElo "2133"]
[PlyCount "80"]

1. e4 e5 2. Nf3 Nc6 3. Bb5 a6 4. Ba4 Nf6 5. O-O b5 6. Bb3 Be7 7. d4 d6 8. c3
O-O 9. h3 Na5 10. Bc2 Nd7 11. a4 Bb7 12. Nbd2 c5 13. d5 c4 14. b4 cxb3 15. Bxb3
Qc7 16. axb5 axb5 17. Ba3 Nc5 18. Bc2 Nc4 19. Nxc4 bxc4 20. Bxc5 Qxc5 21. Qe2
Ra3 22. Rfb1 Ba6 23. Qe1 Rxa1 24. Rxa1 Bb5 25. Ba4 f5 26. Bc2 Bd7 27. Qb1 Bd8
28. Qb7 Bc8 29. Qc6 Bb6 30. Qxc5 Bxc5 31. Ra8 Bb7 32. Rxf8+ Kxf8 33. Nd2 fxe4
34. Bxe4 g6 35. Nxc4 Ba6 36. Nd2 Ba3 37. Bc2 Bc1 38. Ne4 Ke7 39. Ba4 Bd3 40. f3
Bxe4 1/2-1/2

[Event "7e Festival de Vaujany 2016 - principal"]
[Site "?"]
[Date "2016.07.22"]
[Round "7.10"]
[White "Mina, Marco"]
[Black "Favarel, Camille"]
[Result "0-1"]
[WhiteElo "2009"]
[BlackElo "2256"]
[PlyCount "88"]

1. e4 c6 2. d4 d5 3. exd5 cxd5 4. c4 Nf6 5. Nc3 Nc6 6. Bg5 dxc4 7. d5 Ne5 8.
Qd4 h6 9. O-O-O Nd3+ 10. Bxd3 cxd3 11. Bxf6 gxf6 12. Qxd3 Bd7 13. Nf3 Bg7 14.
Nd4 Qc8 15. d6 e6 16. Rhe1 Kf8 17. Ndb5 Qc5 18. Kb1 f5 19. Rc1 Rd8 20. Red1 Bc6
21. Na3 Qxf2 22. Rd2 Qf4 23. Nc4 b5 24. Na5 Ba8 25. g3 Qb4 26. Nb3 Kg8 27. Qe3
a6 28. Qb6 Bf6 29. Qc5 Qxc5 30. Nxc5 Bg5 31. Rcd1 Bxd2 32. Rxd2 b4 33. N3a4 a5
34. Nb6 Bc6 35. d7 Kf8 36. Nc4 Be4+ 37. Kc1 Ke7 38. Nxe4 fxe4 39. Ne5 Kf6 40.
Nc6 Kf5 41. Rd1 f6 42. Ne7+ Kg5 43. Kc2 Rh7 44. Nc6 Rdxd7 0-1

[Event "7e Festival de Vaujany 2016 - principal"]
[Site "?"]
[Date "2016.07.22"]
[Round "7.11"]
[White "Strohl, Antoine"]
[Black "Chalmeta Ugas, Ramon"]
[Result "0-1"]
[WhiteElo "1913"]
[BlackElo "2249"]
[PlyCount "98"]

1. d4 Nf6 2. Nf3 g6 3. Bf4 Bg7 4. e3 O-O 5. Be2 d6 6. h3 Nbd7 7. O-O Qe8 8. c4
e5 9. Bh2 Qe7 10. Nc3 c6 11. Rc1 Re8 12. Re1 e4 13. Nd2 Nf8 14. b4 h5 15. d5
cxd5 16. cxd5 Rd8 17. Nc4 Ne8 18. f3 exf3 19. Bxf3 Nd7 20. Nb5 Ne5 21. Nxe5
Bxe5 22. Bxe5 Qxe5 23. Qd4 Qxd4 24. Nxd4 Bd7 25. Rc2 Rdc8 26. Rec1 Kg7 27. Kf2
Rxc2+ 28. Rxc2 Rc8 29. Rxc8 Bxc8 30. e4 Kf6 31. Ke3 Ke5 32. Bd1 f5 33. Nf3+ Kf6
34. Bc2 Nc7 35. h4 fxe4 36. Bxe4 Bd7 37. Nd4 Be8 38. Kf4 Bf7 39. a3 Bxd5 40.
Bxd5 Nxd5+ 41. Ke4 Nc7 42. a4 d5+ 43. Ke3 Ke5 44. g3 Ne6 45. Nb3 d4+ 46. Kf3
Kd5 47. Nd2 b6 48. g4 hxg4+ 49. Kxg4 d3 0-1

[Event "7e Festival de Vaujany 2016 - principal"]
[Site "?"]
[Date "2016.07.22"]
[Round "7.12"]
[White "Gatineux, Yovann"]
[Black "Teychene, Jean-Louis"]
[Result "1/2-1/2"]
[WhiteElo "2206"]
[BlackElo "1853"]
[PlyCount "87"]

1. d4 Nf6 2. c4 e6 3. Nf3 b6 4. g3 Bb7 5. Bg2 Be7 6. O-O O-O 7. Re1 d5 8. cxd5
exd5 9. Nc3 c5 10. Bf4 Nbd7 11. Rc1 a6 12. Ne5 cxd4 13. Qxd4 Bc5 14. Qd2 Nxe5
15. Bxe5 Bxf2+ 16. Kxf2 Ng4+ 17. Kg1 Nxe5 18. Nxd5 Bxd5 19. Qxd5 Qxd5 20. Bxd5
Rad8 21. Red1 Rd7 22. e4 Rfd8 23. Kf2 g6 24. Ke3 Kg7 25. Kf4 f6 26. Rc3 h5 27.
h4 Kf8 28. Rdc1 Ke7 29. Ke3 Ng4+ 30. Kf4 Ne5 31. R1c2 Rb8 32. a3 Kd8 33. b3 Ke7
34. Ke3 Ng4+ 35. Kf4 Ne5 36. b4 b5 37. Rc8 Rxc8 38. Rxc8 Ra7 39. Ke3 Kd7 40.
Rc5 Kd6 41. a4 bxa4 42. Ra5 Kc7 43. Rxa4 Kb6 44. Kd4 1/2-1/2

[Event "7e Festival de Vaujany 2016 - principal"]
[Site "?"]
[Date "2016.07.22"]
[Round "7.13"]
[White "Cordara, Michele"]
[Black "Gaborit, Jean-Pierre"]
[Result "0-1"]
[WhiteElo "1974"]
[BlackElo "2182"]
[PlyCount "76"]

1. c4 Nf6 2. g3 c6 3. Nf3 g6 4. b3 Bg7 5. Bb2 O-O 6. Bg2 d5 7. O-O a5 8. d4 Ne4
9. Nfd2 Nxd2 10. Qxd2 Bf5 11. e3 Na6 12. Nc3 Nc7 13. Rfd1 b5 14. cxb5 cxb5 15.
Qe2 Qd7 16. Rac1 Rfc8 17. e4 Bg4 18. f3 Be6 19. exd5 Bxd5 20. Ne4 e6 21. Nc5
Qe8 22. Nd3 a4 23. bxa4 Rxa4 24. Qc2 Bxd4+ 25. Bxd4 Rxd4 26. Qb2 Ra4 27. Qe5
Qe7 28. Nf4 Bc4 29. Rd2 Rd8 30. Rb2 Nd5 31. Bf1 Nxf4 32. Bxc4 Rxc4 33. Rxc4
bxc4 34. Qxf4 Qc5+ 35. Kg2 c3 36. Rc2 Rd3 37. a4 g5 38. Qe4 Rd2+ 0-1

[Event "7e Festival de Vaujany 2016 - principal"]
[Site "?"]
[Date "2016.07.22"]
[Round "7.14"]
[White "Juhasz, Barbara"]
[Black "Degardin, Sylvain"]
[Result "1/2-1/2"]
[WhiteElo "2179"]
[BlackElo "2101"]
[PlyCount "45"]

1. e4 c5 2. Nf3 e6 3. d3 Nc6 4. g3 Nf6 5. Bg2 d5 6. Nbd2 Be7 7. O-O Qc7 8. Re1
b6 9. c3 Ba6 10. Bf1 O-O 11. h4 dxe4 12. dxe4 Bxf1 13. Nxf1 Rad8 14. Qe2 Qd7
15. Bg5 Qd3 16. e5 Ng4 17. Bxe7 Nxe7 18. Qe4 Qxe4 19. Rxe4 h5 20. Re2 Nc6 21.
Re4 Ne7 22. Re2 Nc6 23. Re4 1/2-1/2

[Event "7e Festival de Vaujany 2016 - principal"]
[Site "?"]
[Date "2016.07.22"]
[Round "7.15"]
[White "Mihok, Laszlo"]
[Black "David, Bogdan-Emanuel"]
[Result "1-0"]
[WhiteElo "2096"]
[BlackElo "2161"]
[PlyCount "59"]

1. d4 d6 2. e4 g6 3. Nc3 Bg7 4. Be3 c6 5. Qd2 b5 6. h3 Bb7 7. Be2 Nd7 8. f4
Ngf6 9. Bf3 Nb6 10. b3 Qc7 11. Nge2 O-O 12. O-O b4 13. Nd1 c5 14. Nf2 e5 15.
fxe5 cxd4 16. Qxd4 dxe5 17. Qxb4 Nbd7 18. c4 a5 19. Qd2 a4 20. Qc2 Nc5 21. Rfd1
Nfd7 22. b4 Ne6 23. c5 Bc6 24. a3 Rfd8 25. Qc4 Nf4 26. Nc3 Bb7 27. Nb5 Qc6 28.
Nd6 Ne6 29. b5 Qc7 30. c6 1-0

[Event "7e Festival de Vaujany 2016 - principal"]
[Site "?"]
[Date "2016.07.22"]
[Round "7.16"]
[White "Drozdowski, Konrad"]
[Black "Dudugnon, Thibault"]
[Result "1/2-1/2"]
[WhiteElo "2088"]
[BlackElo "2158"]
[PlyCount "73"]

1. e4 c6 2. c4 d5 3. exd5 cxd5 4. cxd5 Nf6 5. Qa4+ Nbd7 6. Nc3 g6 7. Nf3 Bg7 8.
Bc4 O-O 9. d3 a6 10. Qa3 b6 11. O-O Bb7 12. Re1 Re8 13. Be3 b5 14. Bb3 Nb6 15.
Bxb6 Qxb6 16. Qb4 Qd8 17. a4 Nxd5 18. Nxd5 Bxd5 19. axb5 Bxb3 20. Qxb3 Qb6 21.
h3 e6 22. Rac1 Qxb5 23. Qxb5 axb5 24. Rc5 b4 25. d4 Ra2 26. Rb1 Rea8 27. Rcc1
Bh6 28. Rc4 Ra1 29. Rf1 Bf8 30. Ne5 R8a2 31. Nd3 Kg7 32. g3 h5 33. Rxa1 Rxa1+
34. Kg2 Bd6 35. b3 Rb1 36. Nc5 e5 37. Ne4 1/2-1/2

[Event "7e Festival de Vaujany 2016 - principal"]
[Site "?"]
[Date "2016.07.22"]
[Round "7.17"]
[White "Williams, Johann"]
[Black "Bandet, Raphael"]
[Result "0-1"]
[WhiteElo "1837"]
[BlackElo "2156"]
[PlyCount "68"]

1. e4 e5 2. Nf3 Nc6 3. Bb5 a6 4. Ba4 Nf6 5. O-O b5 6. Bb3 Bc5 7. c3 d6 8. d4
Bb6 9. Be3 Bg4 10. Bg5 h6 11. Bxf6 Qxf6 12. Bd5 Bd7 13. dxe5 dxe5 14. h3 Rd8
15. Nbd2 Ne7 16. Re1 Ng6 17. Qe2 Nf4 18. Qf1 O-O 19. Bb3 Bc8 20. Bc2 Rd6 21.
Rad1 Qg6 22. Kh1 Qh5 23. Ng1 Rg6 24. Ndf3 Rxg2 25. Qxg2 Nxg2 26. Kxg2 Re8 27.
Rd3 Kh7 28. Nh2 Qh4 29. Rg3 Rd8 30. Ngf3 Bxh3+ 31. Kh1 Qh5 32. Bd1 Bxf2 33.
Ng5+ Qxg5 34. Rxg5 hxg5 0-1

[Event "7e Festival de Vaujany 2016 - principal"]
[Site "?"]
[Date "2016.07.22"]
[Round "7.18"]
[White "Zachary, Matheo"]
[Black "Bianchi, Tobias"]
[Result "0-1"]
[WhiteElo "2130"]
[BlackElo "2016"]
[PlyCount "142"]

1. e4 c5 2. Nf3 Nc6 3. Nc3 d6 4. Bb5 Bd7 5. Bxc6 Bxc6 6. d4 cxd4 7. Qxd4 e6 8.
Bg5 Nf6 9. Qd3 Be7 10. Nd4 Qa5 11. Bd2 Qb6 12. O-O-O d5 13. Nxc6 bxc6 14. exd5
cxd5 15. Qg3 Rb8 16. Na4 Qb5 17. b3 Ne4 18. Qxg7 Bf6 19. Qh6 Qxa4 20. Qxf6 Qa3+
21. Qb2 Qxb2+ 22. Kxb2 Nxf2 23. Rhf1 Nxd1+ 24. Rxd1 Rg8 25. g3 f6 26. Be3 a6
27. Rd4 Rc8 28. Rb4 Kd7 29. Rb7+ Rc7 30. Rb6 Rc6 31. Rb7+ Rc7 32. Rb6 Ra8 33.
Bf4 e5 34. Bd2 Rc6 35. Rb7+ Rc7 36. Rb6 Rac8 37. c3 d4 38. c4 Rc6 39. Rb7+ R8c7
40. Rb8 Rc8 41. Rb7+ R8c7 42. Rb8 Ke6 43. g4 Rd7 44. Bb4 d3 45. Kc1 Rd4 46. h3
Rf4 47. Rb7 f5 48. g5 Rf1+ 49. Kd2 f4 50. Rxh7 Kf5 51. h4 Ke4 52. Re7 Rf2+ 53.
Kd1 Kd4 54. h5 e4 55. h6 Ke3 56. Rd7 Rxa2 57. Bc3 Rh2 58. Bd4+ Kf3 59. h7 e3
60. h8=Q Rxh8 61. Bxh8 d2 62. Bc3 Rg6 63. Bf6 Kg2 64. Re7 Rg8 65. Re4 Kf3 66.
Re6 Rb8 67. Bc3 Rxb3 68. Bxd2 Rd3 69. Kc2 Rxd2+ 70. Kc3 Rd8 71. g6 e2 0-1

[Event "7e Festival de Vaujany 2016 - principal"]
[Site "?"]
[Date "2016.07.22"]
[Round "7.19"]
[White "Suez-Panama, Gilles"]
[Black "Boghossian, Pierre"]
[Result "1-0"]
[WhiteElo "2017"]
[BlackElo "1973"]
[PlyCount "99"]

1. d4 e6 2. Nf3 d5 3. c4 Nf6 4. Bg5 Be7 5. Nc3 dxc4 6. e3 a6 7. Bxc4 b5 8. Bb3
Bb7 9. O-O O-O 10. Qe2 Nbd7 11. Rad1 b4 12. Na4 Nd5 13. Bxe7 Qxe7 14. Rc1 Rfc8
15. Nc5 Nxc5 16. Rxc5 Nf6 17. Rfc1 Ne4 18. R5c2 c5 19. Ne5 cxd4 20. exd4 Nd6
21. f4 Rxc2 22. Rxc2 h6 23. Nc6 Qd7 24. d5 exd5 25. Bxd5 Bxc6 26. Bxc6 Qa7+ 27.
Qf2 Qxf2+ 28. Kxf2 Rc8 29. Ba4 Rxc2+ 30. Bxc2 Kf8 31. Bd3 a5 32. Ke3 Ke7 33.
Kd4 Kd7 34. Kc5 Kc7 35. g4 g5 36. fxg5 hxg5 37. Kd5 Nb7 38. Ba6 Nd8 39. Ke5 Kb6
40. Bc4 a4 41. Kf6 Kc5 42. Bf1 Ne6 43. Kxf7 Kd5 44. Kf6 Nc5 45. Kxg5 Ne4+ 46.
Kf4 Nc3 47. bxc3 b3 48. axb3 a3 49. Bc4+ Kc5 50. Bf7 1-0

[Event "7e Festival de Vaujany 2016 - principal"]
[Site "?"]
[Date "2016.07.22"]
[Round "7.20"]
[White "Soyer, Jean-Yves"]
[Black "Geher, Koppany"]
[Result "1-0"]
[WhiteElo "2073"]
[BlackElo "1931"]
[PlyCount "103"]

1. Nf3 Nf6 2. c4 g6 3. Nc3 d5 4. cxd5 Nxd5 5. e4 Nxc3 6. dxc3 Qxd1+ 7. Kxd1 Bg7
8. Bf4 c6 9. Kc2 Nd7 10. a4 Nc5 11. Nd2 f5 12. f3 Be6 13. Be3 Nd7 14. exf5
Bxf5+ 15. Bd3 Bxd3+ 16. Kxd3 O-O-O 17. Kc2 Kb8 18. Rae1 Rhe8 19. a5 Be5 20. Nc4
Bc7 21. Bg5 Nf6 22. a6 b5 23. Ne5 Bxe5 24. Rxe5 Kc7 25. Rhe1 Kd7 26. b3 Ng8 27.
Be3 Rc8 28. Bc5 Rc7 29. h4 Kd8 30. h5 gxh5 31. Rxh5 Nf6 32. Rh6 Rf8 33. Bd4 Rf7
34. Bxf6 exf6 35. Re6 Rce7 36. Rxe7 Kxe7 37. Kd3 Kd6 38. Ke4 Ke6 39. f4 Rg7 40.
f5+ Ke7 41. Kd4 Rf7 42. Kc5 Kd7 43. c4 bxc4 44. bxc4 Kc7 45. g4 Kd7 46. Rh3 Re7
47. Rb3 Re5+ 48. Kd4 Re7 49. Rb7+ Kd8 50. Kc5 Rxb7 51. axb7 Kc7 52. g5 1-0

[Event "7e Festival de Vaujany 2016 - principal"]
[Site "?"]
[Date "2016.07.22"]
[Round "7.21"]
[White "Nastro, Federico"]
[Black "Cavatorta, Fosco"]
[Result "1-0"]
[WhiteElo "2071"]
[BlackElo "1880"]
[PlyCount "75"]

1. e4 d6 2. d4 Nf6 3. Nc3 e5 4. Nf3 Be7 5. dxe5 dxe5 6. Qxd8+ Bxd8 7. Nxe5 O-O
8. Bd3 Re8 9. Nf3 Nc6 10. O-O Bg4 11. Bf4 Bxf3 12. gxf3 Ne5 13. Bxe5 Rxe5 14.
f4 Re8 15. Kg2 c6 16. Kf3 Bc7 17. Ne2 Rad8 18. Ng3 g6 19. Rad1 Rd4 20. c3 Ra4
21. a3 h5 22. Bc2 Ra5 23. h3 Rc5 24. Ne2 h4 25. b4 Rh5 26. c4 Re7 27. Nc3 Ne8
28. Rg1 Ng7 29. e5 Ne8 30. Ne4 Kf8 31. Rd2 Kg7 32. Rgd1 Rh8 33. Rd7 Rxd7 34.
Rxd7 Rh5 35. Ng5 Bxe5 36. Rxf7+ Kg8 37. Re7 Kf8 38. Rxe5 1-0

[Event "7e Festival de Vaujany 2016 - principal"]
[Site "?"]
[Date "2016.07.22"]
[Round "7.23"]
[White "Georges, Thomas"]
[Black "Buffa, Sabarino Pietro"]
[Result "1/2-1/2"]
[WhiteElo "1980"]
[BlackElo "1818"]
[PlyCount "50"]

1. e4 d6 2. d4 Nf6 3. Nc3 g6 4. Be2 Bg7 5. Nf3 O-O 6. O-O c5 7. d5 e6 8. Bg5
exd5 9. Nxd5 Nbd7 10. Bb5 Nb6 11. Rb1 Nbxd5 12. exd5 Qa5 13. Bc4 b5 14. Be2 a6
15. a3 Re8 16. Bf4 Qc7 17. Re1 c4 18. Bg5 Bb7 19. Bxf6 Bxf6 20. Qd2 Qc5 21. c3
Re4 22. Bf1 Rae8 23. Rxe4 Rxe4 24. Rd1 Kg7 25. g3 Bc8 1/2-1/2

[Event "7e Festival de Vaujany 2016 - principal"]
[Site "?"]
[Date "2016.07.22"]
[Round "7.24"]
[White "Mathieu, Olivier"]
[Black "Van Foreest, Machteld"]
[Result "1-0"]
[WhiteElo "1969"]
[BlackElo "1708"]
[PlyCount "49"]

1. e4 c5 2. Nf3 d6 3. d4 cxd4 4. Nxd4 Nf6 5. Nc3 g6 6. Be3 Bg7 7. f3 Nc6 8. Qd2
O-O 9. O-O-O Bd7 10. g4 Rc8 11. h4 h5 12. Bh6 Nxd4 13. Bxg7 Nb3+ 14. cxb3 Kxg7
15. e5 Ne8 16. gxh5 Qa5 17. Kb1 Qxe5 18. hxg6 Bf5+ 19. Bd3 fxg6 20. Rhe1 Bxd3+
21. Qxd3 Qf6 22. Nd5 Qxh4 23. Nxe7 Nf6 24. Qxg6+ Kh8 25. Rh1 1-0

[Event "7e Festival de Vaujany 2016 - principal"]
[Site "?"]
[Date "2016.07.22"]
[Round "7.25"]
[White "Geher, Laszlo"]
[Black "Prats Rodriguez, Juan Bosco"]
[Result "1-0"]
[WhiteElo "1916"]
[BlackElo "1978"]
[PlyCount "73"]

1. e4 c5 2. Nf3 Nc6 3. d4 cxd4 4. Nxd4 Nf6 5. Nc3 e5 6. Nxc6 bxc6 7. Qf3 h6 8.
Qg3 d6 9. Bc4 g6 10. O-O Nh5 11. Qd3 Qf6 12. Be3 Nf4 13. Bxf4 exf4 14. Rad1 Qe5
15. Ne2 Bg4 16. f3 Bd7 17. Qb3 Rh7 18. Qb7 Qc5+ 19. Kh1 Rd8 20. Bd3 Bc8 21. Qb3
Qe5 22. Qc4 Bb7 23. c3 Be7 24. Nd4 Rc8 25. Qb3 Ba8 26. Ba6 Rd8 27. Bb7 Bxb7 28.
Qxb7 Rd7 29. Qa8+ Bd8 30. Nxc6 Qb5 31. e5 d5 32. Nxd8 Rxd8 33. Qxa7 Qxb2 34. e6
Qxc3 35. Rfe1 Qb4 36. exf7+ Kf8 37. Re8+ 1-0